000 00981pam a2200289 a 4500
999 _c7193
_d7193
001 4378478
003 OSt
005 20200123143937.0
008 910501s1992 maua b 001 0 eng
010 _a 91019533
020 _a0205132308
020 _a9788120309609
020 _a812030960X
040 _aDLC
_cDLC
_dDLC
050 0 0 _aHG4027.5
_b.S47 1991
082 0 0 _a658.1599
_220
_bSHA/M
100 _aShapiro, Alan C
_91290
245 1 0 _aMultinational financial management /
_cAlan C. Shapiro.
250 _a4th ed.
260 _aBoston :
_bAllyn and Bacon,
_cc1992.
300 _axix, 729 p. :
_bill. ;
_c24 cm.
504 _aIncludes bibliographical references and index.
650 0 _aInternational business enterprises
_xFinance.
906 _a7
_bcbc
_corignew
_d1
_eocip
_f19
_gy-gencatlg
942 _2ddc
_cBK
_h658.1599
_iSHA/M
_k658.1599
_mSHA/M